000 01904cam a22004934i 4500
003 PE-LiUPU
005 20250731165616.0
008 150616s r 000 0 d
020 _a8471020971
035 _a(Sirsi) i9788471020970
040 _aPE-LiUPU
_bspa
_cPE-LiUPU
_erda
049 _aPRUA
082 0 4 _a036
_bM26
_221
100 1 _aMarín Correa, Manuel,
_eautor.
245 1 3 _aEl mundo de la cultura :
_benciclopedia formativa Marín.
_n1.
264 1 _aBarcelona :
_bEditorial Marín,
_c1980.
300 _a191 páginas ;
_c27 centímetros
336 _atext
_2rdacontent
337 _aunmediated
_2rdamedia
338 _avolume
_2rdacarrier
505 0 _aLos astros del espacio: -El sol -- La luna -- Los planetas -- Astros errantes -- Estrellas y galaxias. La tierra: -Cómo representamos la tierra -- La atmósfera y su actividad -- El clima -- Hasta la ionósfera -- Historia de la tierra -- Las eras geológicas -- El dinamismo terrestre -- El mar -- Los ríos -- Los lagos -- Hielos y nieves -- Las montañas -- El mundo subterráneo -- La tierra, el clima y el hombre.
526 _aSEG44
526 _aSEG26
526 _aP151
526 _aP150
526 _aP149
526 _aP146
526 _aP145
526 _aP126
526 _aP125
526 _aP92
526 _aP75
526 _aP74
526 _aP27
526 _aP15
650 0 4 _aENCICLOPEDIAS Y DICCIONARIOS.
910 _ajck
_bjvq
_cjck
942 _2ddc
_cBOOK
949 _aRC 036 M26 1
_wDEWEY
_c1
_i20265
_lCCODEBUL1
_mBUL
_r0
_sY
_tBOOK
_u2015-6-16
_xEDUCACION
_PP20
_0COMPRA
_o.STAFF. Colección General
994 _aC0
_bPEPRU
596 _a1
999 _aRC 036 M26 1
_wDEWEY
_c56505
_i20265
_f2021-11-8
_g5
_lRCG
_mBUL
_r1
_sY
_tBOOK
_u2015-6-16
_xBIBLIOTECA
_PP20
_0COMPRA
_o.STAFF. Colección General
_d56505
980 _81
_gALBERTO SANCHEZ Responsable de Automatización